The family at red-roofs (Record no. 178832)
[ view plain ]
| 000 -LEADER | |
|---|---|
| fixed length control field | 00966 a2200181 4500 |
| 003 - CONTROL NUMBER IDENTIFIER | |
| control field | Nust |
| 005 - DATE AND TIME OF LATEST TRANSACTION | |
| control field | 20230525114834.0 |
| 020 ## - INTERNATIONAL STANDARD BOOK NUMBER | |
| International Standard Book Number | 0861639480 |
| 040 ## - CATALOGING SOURCE | |
| Transcribing agency | Nust |
| 082 ## - DEWEY DECIMAL CLASSIFICATION NUMBER | |
| Classification number | 823, BLY |
| 100 ## - MAIN ENTRY--PERSONAL NAME | |
| Personal name | Enid, Blyton |
| 9 (RLIN) | 11706 |
| 245 ## - TITLE STATEMENT | |
| Title | The family at red-roofs |
| Statement of responsibility, etc. | Enid Blyton |
| 260 ## - PUBLICATION, DISTRIBUTION, ETC. | |
| Place of publication, distribution, etc. | Hungray |
| Name of publisher, distributor, etc. | Award pub |
| Date of publication, distribution, etc. | 1999 |
| 300 ## - PHYSICAL DESCRIPTION | |
| Extent | 241,p.; |
| 505 ## - FORMATTED CONTENTS NOTE | |
| Formatted contents note | The House On The Hill (Page-7), Moving In(Page-17), Settling Down(Page-27),Jenny Wren (Page-39),Bundle (Page-54),Penny Comes To Tea (Page-63), End Of Term(Page-74), Unexpected News(Page-88),A Horrid Day (Page-101),Here Is The News (Page-114),New Plans (Page-126),Peter Gets A Job (Page-139),Molly Finds A Job Too (Page-150),Off To Work (Page-160),Clock-Mender And Errand-Girl (Page-174), Busy Day(Page-185),August Goes By (Page-196),Breaking The News (Page-207),Trouble For Penny (Page-217),Jackdaw Springs A Surprise (Page-227), All Together Again (Page-241). |
| 650 ## - SUBJECT ADDED ENTRY--TOPICAL TERM | |
| Topical term or geographic name entry element | Red Roofs |
| 9 (RLIN) | 112584 |
| 942 ## - ADDED ENTRY ELEMENTS (KOHA) | |
| Source of classification or shelving scheme | |
| Koha item type | Book |
| Withdrawn status | Lost status | Source of classification or shelving scheme | Damaged status | Not for loan | Permanent Location | Current Location | Shelving location | Date acquired | Total Checkouts | Full call number | Barcode | Date last seen | Date last checked out | Price effective from | Koha item type | Public note |
|---|---|---|---|---|---|---|---|---|---|---|---|---|---|---|---|---|
| Military College of Signals (MCS) | Military College of Signals (MCS) | Fiction | 12/12/2016 | 4 | 823,BLY | MCS23076 | 09/30/2025 | 09/12/2025 | 12/12/2016 | Book | Almirah No.57, Shelf No.5 |
